| 000 | 005990000a22001810004500 | ||
|---|---|---|---|
| 003 | MACL | ||
| 005 | 20160412115453.0 | ||
| 008 | 160412b xxu||||| |||| 00| 0 eng d | ||
| 040 |
_aMACL _cMACL |
||
| 041 | _aHindi | ||
| 082 | _a590 | ||
| 100 |
_a खोसला डी. एन _951188 |
||
| 245 | _aजीव-जन्तु जगत | ||
| 260 |
_bराष्ट्रीय कला साहित्य एवं संस्कृति संस्थान _c2000 _aनई दिल्ली |
||
| 350 | _a175 | ||
| 650 |
_aAnimals _951897 |
||
| 942 |
_cHIN _k590 _2ddc |
||
| 999 |
_c10668 _d10668 |
||